| 000 -LEADER |
| fixed length control field |
00989pab a2200193 454500 |
| 008 - FIXED-LENGTH DATA ELEMENTS--GENERAL INFORMATION |
| fixed length control field |
180718b2000 xxu||||| |||| 00| 0 eng d |
| 100 ## - MAIN ENTRY--PERSONAL NAME |
| Personal name |
Ingraham, Patricia Wallace |
| 245 ## - TITLE STATEMENT |
| Title |
People and performance: challenges for the future public service - the report from the Wye River Conference |
| 260 ## - PUBLICATION, DISTRIBUTION, ETC. |
| Date of publication, distribution, etc. |
2000 |
| 300 ## - PHYSICAL DESCRIPTION |
| Extent |
p.54-60 |
| 362 ## - DATES OF PUBLICATION AND/OR SEQUENTIAL DESIGNATION |
| Dates of publication and/or sequential designation |
Jan-Feb |
| 520 ## - SUMMARY, ETC. |
| Summary, etc. |
What are the key challenges for the public sector at present, and what will the future public service look like if it is to meet these challenges? These questions were put to public-sector leaders at a conference at the Wye River Plantation in June 1999. The leaders agreed on aspects of a broad vision for the future and the urgent need for a detailed debate on the transition questions that arose. - Reproduced |
| 650 ## - SUBJECT ADDED ENTRY--TOPICAL TERM |
| Topical term or geographic name entry element |
Civil service - United States |
| 650 ## - SUBJECT ADDED ENTRY--TOPICAL TERM |
| Topical term or geographic name entry element |
Civil service |
| 700 ## - ADDED ENTRY--PERSONAL NAME |
| Personal name |
Moynihan, Donald P. |
| 700 ## - ADDED ENTRY--PERSONAL NAME |
| Personal name |
Selden, Sally Coleman |
| 773 ## - HOST ITEM ENTRY |
| Main entry heading |
Public Administration Review |
| 909 ## - |
| -- |
43987 |